[Event "Chess24 Banter Blitz Cup"]
[Site "chess24.com INT"]
[Date "2020.02.08"]
[Round "3.1"]
[White "Narayanan, S.L."]
[Black "Hammer, Jon Ludvig"]
[Result "0-1"]
[WhiteTitle "GM"]
[BlackTitle "GM"]
[WhiteElo "2611"]
[BlackElo "2635"]
[WhiteFideId "5058422"]
[BlackFideId "1503707"]
[EventDate "2019.09.25"]
[EventType "blitz"]

1. d4 Nf6 2. c4 e6 3. Nf3 d5 4. Nc3 Be7 5. Bf4 O-O 6. e3 c5 7. dxc5 Bxc5 8. Rc1
dxc4 9. Qxd8 Rxd8 10. Bxc4 Bd7 11. O-O Nc6 12. Rfd1 Be8 13. a3 Rxd1+ 14. Rxd1
Rd8 15. Rxd8 Nxd8 16. b4 Be7 17. Nb5 Nc6 18. Nd6 e5 19. Nxe8 exf4 20. Nxf6+ Bxf6
21. exf4 Bb2 22. b5 Nd4 23. Ne5 Bxa3 24. Nxf7 Kf8 25. Nd8 b6 26. Ne6+ Nxe6 27.
Bxe6 Ke7 28. Bf5 h6 29. Bd3 Bc1 30. g3 Kf6 31. Kg2 Bd2 32. h4 Bc1 33. Kf3 Bd2
34. Ke4 Bc1 35. g4 Bd2 36. g5+ Ke7 37. Kf5 Bc1 38. Be4 Bd2 39. Kg4 Bc1 40. f5
hxg5 41. hxg5 Bd2 42. Kh5 Bc1 43. Kg6 Bb2 44. Bd5 Ba1 45. f3 Bb2 46. Kh7 Kf8 47.
Be4 Ba1 48. f6 gxf6 49. g6 f5 50. Bxf5 Bg7 51. f4 Bd4 52. Be4 Bg7 53. Bd3 Bf6
54. Kh6 Bg7+ 55. Kg5 Ke7 56. Kf5 Kd6 57. Be2 Bc3 58. Ke4 Bg7 59. Kf5 Bb2 60. Kg5
Bg7 61. f5 Ke7 62. Kf4 Kd6 63. Ke4 Ke7 64. Bd3 Kd6 65. Bf1 Bf6 66. Be2 Bg7 67.
Kf4 Bf6 68. Kg4 Bg7 69. Kg5 Ke7 70. Kf4 Bf6 71. Ke4 Bg7 72. Kd5 Kd7 73. Bc4 Bf6
74. Bd3 Bg7 75. f6 Bxf6 76. Bf5+ Kc7 77. Ke6 Bd4 78. Kf7 a6 79. bxa6 Kb8 80. Bd3
Ka7 81. Bb5 Be5 0-1

[Event "Chess24 Banter Blitz Cup"]
[Site "chess24.com INT"]
[Date "2020.02.08"]
[Round "3.2"]
[White "Hammer, Jon Ludvig"]
[Black "Narayanan, S.L."]
[Result "0-1"]
[WhiteTitle "GM"]
[BlackTitle "GM"]
[WhiteElo "2635"]
[BlackElo "2611"]
[WhiteFideId "1503707"]
[BlackFideId "5058422"]
[EventDate "2019.09.25"]
[EventType "blitz"]

1. c4 g6 2. d4 Bg7 3. Nf3 Nf6 4. g3 c5 5. dxc5 Na6 6. Bg2 Nxc5 7. O-O O-O 8. Nc3
b6 9. Ne1 Bb7 10. Bxb7 Nxb7 11. Bg5 Rc8 12. b3 h6 13. Bxf6 Bxf6 14. Rc1 Nc5 15.
Nd5 Bg7 16. Nd3 Ne4 17. f3 Nc5 18. Nxc5 bxc5 19. e3 e6 20. Nf4 Qe7 21. Rf2 Rfd8
22. Rd2 d6 23. Qe2 h5 24. Rcd1 Rd7 25. Rd3 Rcd8 26. Kg2 Be5 27. Nh3 d5 28. e4
dxc4 29. Rxd7 Rxd7 30. Rxd7 Qxd7 31. bxc4 Qd4 32. Nf2 Qc3 33. Nd1 Qc1 34. h4 Bd4
35. Nf2 a5 36. e5 a4 37. Ne4 Qg1+ 38. Kh3 Qh1+ 39. Qh2 Qxf3 40. Qg2 Qf5+ 41. Kh2
Qxe5 42. Ng5 Kg7 43. Qb7 Qe2+ 44. Kh3 Qf1+ 45. Kh2 Bg1+ 46. Kh1 Bf2+ 47. Kh2
Qg1+ 48. Kh3 Qxg3# 0-1

[Event "Chess24 Banter Blitz Cup"]
[Site "chess24.com INT"]
[Date "2020.02.08"]
[Round "3.3"]
[White "Narayanan, S.L."]
[Black "Hammer, Jon Ludvig"]
[Result "1-0"]
[WhiteTitle "GM"]
[BlackTitle "GM"]
[WhiteElo "2611"]
[BlackElo "2635"]
[WhiteFideId "5058422"]
[BlackFideId "1503707"]
[EventDate "2019.09.25"]
[EventType "blitz"]

1. d4 Nf6 2. c4 e6 3. Nf3 d5 4. Nc3 Bb4 5. Qb3 c5 6. dxc5 Na6 7. a3 Bxc3+ 8.
Qxc3 Nxc5 9. cxd5 Qxd5 10. Be3 Nce4 11. Qb4 a5 12. Qd4 O-O 13. Rd1 Qa2 14. g4
Ra6 15. Bf4 e5 16. Bxe5 Bxg4 17. Rg1 Re6 18. Bxf6 Nxf6 19. Ng5 Re7 20. Rxg4 Nxg4
21. Qxg4 Qxb2 22. f3 Qxa3 23. Qf5 Qc3+ 24. Kf2 g6 25. Qf4 Qe5 26. Qh4 h5 27. Ne4
Kg7 28. Rd5 Qxd5 29. Qf6+ Kg8 30. Qxe7 Qd4+ 31. e3 Qb2+ 32. Kg3 a4 33. Bc4 h4+
34. Qxh4 a3 35. Ng5 Qh8 36. Qf4 Qg7 37. h4 b5 38. Ba2 Kh8 39. Nxf7+ Kh7 40. Ng5+
Kh8 41. Qe4 Qc7+ 42. f4 Qg7 43. Ne6 1-0

[Event "Chess24 Banter Blitz Cup"]
[Site "chess24.com INT"]
[Date "2020.02.08"]
[Round "3.4"]
[White "Hammer, Jon Ludvig"]
[Black "Narayanan, S.L."]
[Result "1/2-1/2"]
[WhiteTitle "GM"]
[BlackTitle "GM"]
[WhiteElo "2635"]
[BlackElo "2611"]
[WhiteFideId "1503707"]
[BlackFideId "5058422"]
[EventDate "2019.09.25"]
[EventType "blitz"]

1. c4 Nf6 2. Nf3 c5 3. g3 g6 4. Bg2 Bg7 5. O-O O-O 6. d4 cxd4 7. Nxd4 Nc6 8. Nc3
Qa5 9. e3 Ne5 10. Qe2 d6 11. Bd2 Qa6 12. b3 Bg4 13. f3 Bd7 14. Rfd1 Rac8 15. h3
Nc6 16. f4 Rfe8 17. Ndb5 Qb6 18. Qf2 a6 19. Na3 Nb4 20. Be1 Qc7 21. Rac1 Qb8 22.
Nc2 Nxc2 23. Rxc2 b5 24. cxb5 axb5 25. Rdc1 b4 26. Ne2 Rxc2 27. Rxc2 Bf5 28. Rc1
Ne4 29. Qf1 d5 30. g4 Bd7 31. Bxe4 dxe4 32. Ng3 Bb5 33. Qg2 Qa8 34. Nxe4 Bc6 35.
Nf6+ Bxf6 36. Qxc6 Qb8 37. Bxb4 Rd8 38. Ba5 Rf8 39. b4 Qa7 40. Kf2 g5 41. fxg5
Bxg5 42. Qc5 Bh4+ 43. Kf3 Qd7 44. b5 Ra8 45. b6 Bf6 46. Qc6 Qxc6+ 47. Rxc6 Rxa5
48. Rc8+ Kg7 49. b7 Be5 50. b8=Q Bxb8 51. Rxb8 Rxa2 52. Rb7 e6 53. Rb5 Kg6 54.
h4 h6 55. Kg3 Ra3 56. Kf3 Ra4 57. Rc5 Rb4 58. Ra5 Rc4 59. Rb5 Ra4 60. Rc5 Ra6
61. Rb5 Rd6 62. Re5 Rd1 63. Rc5 Rh1 64. Kg3 Rg1+ 65. Kf3 Rh1 66. Kg3 Rg1+ 67.
Kf3 Rh1 1/2-1/2

[Event "Chess24 Banter Blitz Cup"]
[Site "chess24.com INT"]
[Date "2020.02.08"]
[Round "3.5"]
[White "Narayanan, S.L."]
[Black "Hammer, Jon Ludvig"]
[Result "1-0"]
[WhiteTitle "GM"]
[BlackTitle "GM"]
[WhiteElo "2611"]
[BlackElo "2635"]
[WhiteFideId "5058422"]
[BlackFideId "1503707"]
[EventDate "2019.09.25"]
[EventType "blitz"]

1. e4 e5 2. Nf3 Nc6 3. Bb5 Nf6 4. d3 Bc5 5. Ba4 d6 6. c3 O-O 7. O-O Ne7 8. d4
exd4 9. cxd4 Bb6 10. Re1 Bg4 11. Nbd2 Bxd4 12. h3 Bxf3 13. Nxf3 Bb6 14. Bd2 Ng6
15. Bc3 Nh5 16. e5 dxe5 17. Qxd8 Raxd8 18. Nxe5 Nhf4 19. Nxg6 hxg6 20. Bb3 Rfe8
21. Kf1 Nd3 22. Rxe8+ Rxe8 23. Rd1 Nxf2 24. Rd7 Rf8 25. Bb4 c5 26. Kxf2 cxb4+
27. Kf3 Rc8 28. Rxf7 Kh7 29. Rxb7 Rc1 30. h4 Rf1+ 31. Kg4 Rf2 32. g3 Rxb2 33.
Rb8 Rd2 34. Bg8+ Kh6 35. Bd5 Kh7 36. Be4 Rd4 37. Kf3 Rc4 38. h5 Kh6 39. hxg6 Kg5
40. Rf8 Rc3+ 41. Kg2 Bc7 42. Rf3 Rc4 43. Bd3 Rd4 44. Kh3 a5 45. Bb1 Rd2 46. Be4
Rxa2 47. Rf5+ Kh6 48. Kg4 Rh2 49. Rf8 1-0

[Event "Chess24 Banter Blitz Cup"]
[Site "chess24.com INT"]
[Date "2020.02.08"]
[Round "3.6"]
[White "Hammer, Jon Ludvig"]
[Black "Narayanan, S.L."]
[Result "1/2-1/2"]
[WhiteTitle "GM"]
[BlackTitle "GM"]
[WhiteElo "2635"]
[BlackElo "2611"]
[WhiteFideId "1503707"]
[BlackFideId "5058422"]
[EventDate "2019.09.25"]
[EventType "blitz"]

1. d4 Nf6 2. Nf3 c5 3. dxc5 e6 4. a3 Bxc5 5. b4 Bb6 6. e3 d5 7. Be2 O-O 8. O-O
Nc6 9. Bb2 Qe7 10. Nbd2 Bd7 11. c4 Rac8 12. Rc1 h6 13. Qb3 dxc4 14. Nxc4 Bc7 15.
Rfd1 Rfd8 16. h3 Be8 17. Rxd8 Rxd8 18. b5 Na5 19. Nxa5 Bxa5 20. Bd4 Bb6 21. Bxb6
axb6 22. Ne5 Ne4 23. Qb4 Qxb4 24. axb4 Nd6 25. Rc7 f6 26. Nf3 Bxb5 27. Bxb5 Nxb5
28. Rxb7 Rd6 29. h4 Nc3 30. Nd4 h5 31. b5 g6 32. f3 e5 33. Nc6 Nxb5 34. Ne7+ Kf8
35. Nxg6+ Ke8 36. g4 hxg4 37. h5 Rd1+ 38. Kf2 Nd6 39. Re7+ Kd8 40. h6 g3+ 41.
Kg2 Rd2+ 42. Kg1 Rd1+ 43. Kg2 Rd2+ 44. Kg1 Rd1+ 45. Kg2 1/2-1/2

[Event "Chess24 Banter Blitz Cup"]
[Site "chess24.com INT"]
[Date "2020.02.08"]
[Round "3.7"]
[White "Narayanan, S.L."]
[Black "Hammer, Jon Ludvig"]
[Result "1-0"]
[WhiteTitle "GM"]
[BlackTitle "GM"]
[WhiteElo "2611"]
[BlackElo "2635"]
[WhiteFideId "5058422"]
[BlackFideId "1503707"]
[EventDate "2019.09.25"]
[EventType "blitz"]

1. d4 Nf6 2. c4 e6 3. Nf3 d5 4. Nc3 Bb4 5. e3 O-O 6. Bd2 b6 7. cxd5 exd5 8. Be2
a6 9. O-O Bd6 10. Ne5 c5 11. f4 b5 12. Bf3 Bb7 13. Be1 b4 14. Na4 cxd4 15. exd4
Ne4 16. Bxe4 dxe4 17. Nc5 Bd5 18. Bxb4 f5 19. Rc1 Kh8 20. Qh5 Qe8 21. Qh3 Nc6
22. Bc3 Nxe5 23. fxe5 Bxc5 24. dxc5 f4 25. e6 Bxe6 26. Qh4 Qf7 27. Qg5 Qg6 28.
Qxg6 hxg6 29. Be5 g5 30. h4 e3 31. hxg5 e2 32. Rxf4 Rxf4 33. Bxf4 Rd8 34. Re1
Rd1 35. Kf2 Rxe1 36. Kxe1 Bxa2 37. Kxe2 Bd5 38. Ke3 Kg8 39. Kd4 Bxg2 40. Ke5 Kf7
41. Kd6 Ke8 42. Be5 g6 43. Bf6 Bf3 44. c6 Bg2 45. Kc7 Bf3 46. Kb6 Bg2 47. Be5
Bf3 48. Bf6 Bg2 49. Bc3 Bf3 50. Ba5 Bg2 51. Kc5 Bf3 52. Kd6 Bg2 53. c7 Bb7 54.
Ke6 Bc8+ 55. Kf6 Bf5 56. c8=Q+ Bxc8 57. Kxg6 Be6 58. Kf6 Bc4 59. Kg7 Bd5 60. g6
Be4 61. Bb4 Bd3 62. Kf6 Be4 63. Bc5 Bd3 64. g7 Bh7 65. Ke6 Kd8 66. Kd6 Kc8 67.
Kc6 Bg8 68. Kb6 Bc4 69. b3 Bxb3 70. Bd4 Bg8 71. Kxa6 Kd7 72. Kb6 Ke6 73. Kc5 Kf7
74. Bc3 Kg6 75. Kd4 Kh7 76. Ke5 Bf7 77. Kf6 Kg8 78. Ke7 Bg6 79. Bf6 Bh7 80. Be5 1-0

[Event "Chess24 Banter Blitz Cup"]
[Site "chess24.com INT"]
[Date "2020.02.08"]
[Round "3.8"]
[White "Hammer, Jon Ludvig"]
[Black "Narayanan, S.L."]
[Result "1/2-1/2"]
[WhiteTitle "GM"]
[BlackTitle "GM"]
[WhiteElo "2635"]
[BlackElo "2611"]
[WhiteFideId "1503707"]
[BlackFideId "5058422"]
[EventDate "2019.09.25"]
[EventType "blitz"]

1. d4 Nf6 2. Nf3 e6 3. c4 c5 4. e3 b6 5. Nc3 Bb7 6. d5 g6 7. e4 Bg7 8. Be2 O-O
9. O-O exd5 10. exd5 d6 11. h3 Nh5 12. g4 Nf6 13. Bd3 a6 14. Bf4 b5 15. b3 Nxg4
16. hxg4 Bxc3 17. Rc1 Bg7 18. Kg2 Re8 19. Qd2 Nd7 20. Bxd6 Nf6 21. Bxc5 Nxd5 22.
Bb1 Nc3 23. Qxd8 Raxd8 24. cxb5 Nxb1 25. Rxb1 Rd3 26. Be3 axb5 27. Kg3 Bf8 28.
Rfd1 Red8 29. Rxd3 Rxd3 30. Nd4 Bd6+ 31. Kh4 h6 32. g5 hxg5+ 33. Kxg5 Be4 34.
Rc1 Be5 35. Nxb5 Rd5 36. Rc5 f6+ 37. Kg4 Rd1 38. f4 Bb2 39. Rc7 Re1 40. Bd4 Bxd4
41. Nxd4 Rg1+ 42. Kh3 g5 43. fxg5 fxg5 44. Re7 g4+ 45. Kh4 Bb1 46. Ne6 Bxa2 47.
Rg7+ Kh8 48. Rb7 g3 49. Nf4 g2 50. Kg3 Rb1 51. Nxg2 Rxb3+ 52. Rxb3 Bxb3 1/2-1/2

[Event "Chess24 Banter Blitz Cup"]
[Site "chess24.com INT"]
[Date "2020.02.08"]
[Round "3.9"]
[White "Narayanan, S.L."]
[Black "Hammer, Jon Ludvig"]
[Result "1-0"]
[WhiteTitle "GM"]
[BlackTitle "GM"]
[WhiteElo "2611"]
[BlackElo "2635"]
[WhiteFideId "5058422"]
[BlackFideId "1503707"]
[EventDate "2019.09.25"]
[EventType "blitz"]

1. Nf3 d5 2. d4 e6 3. c4 Be7 4. Nc3 Nf6 5. Bg5 h6 6. Bh4 O-O 7. e3 Ne4 8. Bxe7
Qxe7 9. Qc2 Nxc3 10. Qxc3 dxc4 11. Bxc4 Nd7 12. O-O c5 13. Rfd1 b6 14. d5 exd5
15. Bxd5 Rb8 16. h3 Nf6 17. Bc4 Bb7 18. Ne5 Ne4 19. Rd7 Qe8 20. Nxf7 Qxd7 21.
Ne5+ Kh8 22. Nxd7 Nxc3 23. bxc3 1-0

[Event "Chess24 Banter Blitz Cup"]
[Site "chess24.com INT"]
[Date "2020.02.08"]
[Round "3.10"]
[White "Hammer, Jon Ludvig"]
[Black "Narayanan, S.L."]
[Result "0-1"]
[WhiteTitle "GM"]
[BlackTitle "GM"]
[WhiteElo "2635"]
[BlackElo "2611"]
[WhiteFideId "1503707"]
[BlackFideId "5058422"]
[EventDate "2019.09.25"]
[EventType "blitz"]

1. Nf3 Nf6 2. c4 g6 3. g3 Bg7 4. Bg2 O-O 5. O-O c5 6. Nc3 Nc6 7. d4 cxd4 8. Nxd4
Qa5 9. e3 Ne5 10. Qe2 d6 11. Bd2 Qa6 12. Ndb5 Bg4 13. f3 Be6 14. b3 Qb6 15. Kh1
a6 16. Nd4 Bd7 17. f4 Nc6 18. Nc2 Rac8 19. e4 Bg4 20. Qe3 Qxe3 21. Nxe3 Be6 22.
Rad1 Rfe8 23. h3 Nb4 24. Kh2 h5 25. a3 Nd3 26. a4 Nc5 27. Rb1 Bd7 28. a5 Bc6 29.
Ned5 e6 30. Nxf6+ Bxf6 31. Rfe1 Bd4 32. Re2 f5 33. exf5 gxf5 34. Bxc6 bxc6 35.
Nd1 Ne4 36. Be3 c5 37. Kg2 e5 38. fxe5 dxe5 39. b4 Bxe3 40. Rxe3 Nd2 41. Rc1
cxb4 42. c5 e4 43. Rc2 Nf3 44. c6 Re6 45. c7 Re7 46. Rc5 Rexc7 47. Rxf5 Rc2+ 48.
Nf2 R8c4 49. Rf6 Rd2 0-1

[Event "Chess24 Banter Blitz Cup"]
[Site "chess24.com INT"]
[Date "2020.02.08"]
[Round "3.11"]
[White "Narayanan, S.L."]
[Black "Hammer, Jon Ludvig"]
[Result "1-0"]
[WhiteTitle "GM"]
[BlackTitle "GM"]
[WhiteElo "2611"]
[BlackElo "2635"]
[WhiteFideId "5058422"]
[BlackFideId "1503707"]
[EventDate "2019.09.25"]
[EventType "blitz"]

1. d4 Nf6 2. c4 e6 3. Nf3 d5 4. Nc3 Be7 5. Bg5 O-O 6. e3 h6 7. Bh4 Ne4 8. Bxe7
Qxe7 9. Qc2 Nxc3 10. Qxc3 dxc4 11. Bxc4 c5 12. dxc5 Qxc5 13. Rc1 Nc6 14. O-O Bd7
15. a3 Rfd8 16. b4 Qe7 17. b5 Nb8 18. Rfd1 Be8 19. a4 Nd7 20. Bb3 b6 21. Nd4 Nc5
22. Bc2 Rac8 23. Qa3 Kf8 24. h3 g6 25. Qa1 e5 26. Nf3 f6 27. Nh4 Kg7 28. Qb1 f5
29. Nf3 Qf6 30. Qa1 e4 31. Nd4 h5 32. a5 Bf7 33. axb6 axb6 34. Qb2 h4 35. Ra1
Rd7 36. Qb4 Kh7 37. Nc6 Rcc7 38. Rd4 Ne6 39. Rxd7 Rxd7 40. Ra8 Nc5 41. Nd4 f4
42. Qa3 f3 43. gxf3 exf3 44. Kf1 Qg5 45. Nxf3 Bc4+ 46. Ke1 Qg2 47. Nd4 Rf7 48.
Ra7 Qxf2+ 49. Kd1 Kh6 50. Rxf7 Qxf7 51. Qa8 Qf1+ 52. Kd2 Qf2+ 53. Kc3 Qxe3+ 54.
Kxc4 Qxh3 55. Qf8+ Kg5 56. Nf3+ Kh5 57. Qh8+ Kg4 58. Ne5+ Kg3 59. Qf6 Qe6+ 60.
Qxe6 Nxe6 61. Nxg6 h3 62. Be4 Ng5 63. Bd5 Nh7 64. Ne5 Nf6 65. Bc6 Ng4 66. Nd7
Ne5+ 67. Kd5 h2 68. Kxe5 Kf2 69. Bh1 Kg3 70. Be4 Kf2 71. Nf6 Kg3 72. Ng4 Kh4 73.
Nxh2 Kg3 74. Nf3 Kf2 75. Kd6 Ke3 76. Kc6 1-0

[Event "Chess24 Banter Blitz Cup"]
[Site "chess24.com INT"]
[Date "2020.02.06"]
[Round "3.1"]
[White "Donchenko, Alexander"]
[Black "Henriquez Villagra, Cristobal"]
[Result "0-1"]
[WhiteTitle "GM"]
[BlackTitle "GM"]
[WhiteElo "2631"]
[BlackElo "2594"]
[WhiteFideId "24603295"]
[BlackFideId "3409350"]
[EventDate "2019.09.25"]
[EventType "blitz"]

1. d4 Nf6 2. Nf3 e6 3. c4 Bb4+ 4. Nbd2 O-O 5. a3 Be7 6. e4 d6 7. Bd3 Nbd7 8. O-O
b6 9. Re1 Bb7 10. Bc2 c5 11. e5 Ne8 12. exd6 Nxd6 13. b3 Bf6 14. Bb2 Qc7 15. Qe2
Rfe8 16. Rab1 cxd4 17. Nxd4 e5 18. N4f3 e4 19. Nd4 Qc5 20. b4 Qg5 21. Nf1 Ne5
22. Ng3 Nexc4 23. Bc1 Qg6 24. Ndf5 Nxf5 25. Qxc4 Rac8 26. Qa2 Nd4 27. Ba4 b5 28.
Bb3 Nxb3 29. Qxb3 h5 30. Be3 h4 31. Ne2 a6 32. Nf4 Qf5 33. Rbc1 Red8 34. Rxc8
Rxc8 35. Rc1 Rxc1+ 36. Bxc1 Be5 37. Qe3 Qd7 38. Qd2 Qxd2 39. Bxd2 g6 40. Bc1 Kg7
41. Ne2 Bc6 42. Bd2 f5 43. Bc3 Kf6 44. Kf1 g5 45. Ke1 Bxc3+ 46. Nxc3 Ke5 47. Ne2
f4 48. g3 h3 49. Kd2 Bd7 50. gxf4+ gxf4 51. Nc3 Be6 52. Ne2 Bc4 53. Nc3 Kd4 54.
Nd1 Bb3 55. Nb2 e3+ 56. fxe3+ fxe3+ 57. Ke2 Bc4+ 58. Ke1 Bb3 59. Ke2 Bc2 60. Ke1
Kc3 0-1

[Event "Chess24 Banter Blitz Cup"]
[Site "chess24.com INT"]
[Date "2020.02.06"]
[Round "3.2"]
[White "Henriquez Villagra, Cristobal"]
[Black "Donchenko, Alexander"]
[Result "0-1"]
[WhiteTitle "GM"]
[BlackTitle "GM"]
[WhiteElo "2594"]
[BlackElo "2631"]
[WhiteFideId "3409350"]
[BlackFideId "24603295"]
[EventDate "2019.09.25"]
[EventType "blitz"]

1. e4 c6 2. Nf3 d5 3. d3 dxe4 4. dxe4 Qxd1+ 5. Kxd1 Nf6 6. Nfd2 h5 7. Nc3 h4 8.
Bd3 g5 9. Nc4 h3 10. g3 Bg4+ 11. Be2 Bxe2+ 12. Kxe2 b5 13. Na5 b4 14. Na4 Nxe4
15. f3 Nd6 16. Bxg5 Nd7 17. Nxc6 Rc8 18. Nd4 Bg7 19. Be3 Nc4 20. Rhd1 Rh5 21. f4
Rd5 22. c3 Ra5 23. b3 bxc3 24. Rac1 Nxe3 25. Kxe3 Nf6 26. Kf3 Nd5 27. Nc2 f5 28.
Re1 Kf7 29. Rcd1 e6 30. g4 Rc7 31. gxf5 exf5 32. Kg3 Nb6 33. Nxb6 axb6 34. a3
Ra8 35. Kxh3 Rh8+ 36. Kg3 Rc6 37. h3 Rg6+ 38. Kh2 Rgh6 39. Rd3 Bf6 40. Ree3 Rg6
41. Rg3 Rxg3 42. Kxg3 Rg8+ 43. Kf3 Bh4 44. Rxc3 Rg3+ 45. Ke2 Rxc3 46. Nd4 Kf6
47. a4 Rxh3 48. b4 Ra3 49. a5 bxa5 50. bxa5 Rxa5 51. Kf3 Ra2 52. Nb5 Ra4 53. Nc3
Ra3 54. Ke2 Rxc3 55. Kd2 Rg3 0-1

[Event "Chess24 Banter Blitz Cup"]
[Site "chess24.com INT"]
[Date "2020.02.06"]
[Round "3.3"]
[White "Donchenko, Alexander"]
[Black "Henriquez Villagra, Cristobal"]
[Result "1-0"]
[WhiteTitle "GM"]
[BlackTitle "GM"]
[WhiteElo "2631"]
[BlackElo "2594"]
[WhiteFideId "24603295"]
[BlackFideId "3409350"]
[EventDate "2019.09.25"]
[EventType "blitz"]

1. Nf3 Nf6 2. g3 g6 3. Bg2 Bg7 4. O-O O-O 5. d4 d6 6. b3 Nc6 7. Bb2 e5 8. dxe5
Ng4 9. Qc1 Ngxe5 10. Nxe5 Nxe5 11. c4 Re8 12. Nc3 Rb8 13. Qd2 Bd7 14. Rad1 Bc6
15. Nd5 Nd7 16. Bxg7 Kxg7 17. Qd4+ Nf6 18. e4 Bxd5 19. cxd5 c5 20. dxc6 bxc6 21.
Qxd6 Qxd6 22. Rxd6 Nxe4 23. Rxc6 Nf6 24. Rfc1 Rbd8 25. Bf3 Rd2 26. R6c2 Rd3 27.
Rc3 Rd2 28. R1c2 Re1+ 29. Kg2 Rd4 30. Rc7 a5 31. Ra7 g5 32. h3 h5 33. Rxa5 g4
34. hxg4 hxg4 35. Be2 Ra1 36. Ra4 1-0

[Event "Chess24 Banter Blitz Cup"]
[Site "chess24.com INT"]
[Date "2020.02.06"]
[Round "3.4"]
[White "Henriquez Villagra, Cristobal"]
[Black "Donchenko, Alexander"]
[Result "1/2-1/2"]
[WhiteTitle "GM"]
[BlackTitle "GM"]
[WhiteElo "2594"]
[BlackElo "2631"]
[WhiteFideId "3409350"]
[BlackFideId "24603295"]
[EventDate "2019.09.25"]
[EventType "blitz"]

1. e4 c6 2. d3 d5 3. Nf3 dxe4 4. dxe4 Qxd1+ 5. Kxd1 Nf6 6. Nc3 Bg4 7. Be2 Nbd7
8. Nd2 Bxe2+ 9. Kxe2 g6 10. a4 Bg7 11. Nc4 O-O-O 12. f3 Ne8 13. Bd2 Nb6 14. Ne3
Nc7 15. a5 Nd7 16. Nc4 Ne6 17. Be3 Nd4+ 18. Bxd4 Bxd4 19. Na4 Nc5 20. Nxc5 Bxc5
21. c3 Bd6 22. g3 Bc7 23. f4 h5 24. Rad1 Rxd1 25. Rxd1 h4 26. Kf3 hxg3 27. hxg3
Rh2 28. b4 b5 29. axb6 axb6 30. e5 b5 31. Nd2 Bb6 32. Ne4 Kc7 33. Rd3 Ba7 34.
Kg4 Rh8 35. Ng5 f5+ 36. exf6 exf6 37. Ne6+ Kc8 38. f5 gxf5+ 39. Kxf5 Bb8 40. g4
Rg8 41. Re3 Kd7 42. Re4 Bd6 43. Kxf6 Re8 44. g5 Be7+ 45. Kf5 Rg8 46. g6 Kd6 47.
g7 Kd5 48. Re5+ Kc4 49. Re2 Kxc3 50. Kg6 Bxb4 51. Kf7 Rxg7+ 52. Kxg7 Bd6 53. Kf6
b4 54. Re3+ Kc4 55. Nd8 b3 56. Nxc6 b2 57. Re1 Kb3 58. Nd4+ Ka2 59. Ne2 Bb4 60.
Nc1+ Kb1 61. Nd3+ Bxe1 62. Nxb2 1/2-1/2

[Event "Chess24 Banter Blitz Cup"]
[Site "chess24.com INT"]
[Date "2020.02.06"]
[Round "3.5"]
[White "Donchenko, Alexander"]
[Black "Henriquez Villagra, Cristobal"]
[Result "1-0"]
[WhiteTitle "GM"]
[BlackTitle "GM"]
[WhiteElo "2631"]
[BlackElo "2594"]
[WhiteFideId "24603295"]
[BlackFideId "3409350"]
[EventDate "2019.09.25"]
[EventType "blitz"]

1. Nf3 Nf6 2. g3 g6 3. Bg2 c5 4. c4 Bg7 5. Nc3 Nc6 6. d4 cxd4 7. Nxd4 O-O 8. O-O
Nxd4 9. Qxd4 d6 10. Qd3 Nd7 11. b3 Nc5 12. Qe3 Bd7 13. Bd2 Bc6 14. Rac1 Bxg2 15.
Kxg2 Qd7 16. Nd5 e6 17. Nc3 Qc6+ 18. Qf3 Rfd8 19. Rfd1 Rac8 20. Bg5 Rd7 21. Qxc6
bxc6 22. Be3 Na6 23. Ne4 d5 24. cxd5 exd5 25. Nc5 Nxc5 26. Rxc5 Bf8 27. Ra5 Rcc7
28. Rc1 Bd6 29. Bc5 Kf8 30. Bxd6+ Rxd6 31. Rac5 Ke7 32. b4 a6 33. Ra5 Ra7 34.
Rc3 Re6 35. e3 Kd7 36. Kf3 Re8 37. Rac5 Re6 38. a3 Rb7 39. Ke2 Rb5 40. Kd3 h5
41. h4 Rd6 42. Kd4 Re6 43. f3 f6 44. Rxb5 axb5 45. a4 bxa4 46. Ra3 g5 47. Rxa4
Kd6 48. Ra6 g4 49. b5 gxf3 50. Rxc6+ Kd7 51. Rxe6 Kxe6 52. Kd3 Kd6 53. Kd2 Kc5
54. Ke1 Kxb5 55. g4 hxg4 56. Kf2 1-0

[Event "Chess24 Banter Blitz Cup"]
[Site "chess24.com INT"]
[Date "2020.02.06"]
[Round "3.6"]
[White "Henriquez Villagra, Cristobal"]
[Black "Donchenko, Alexander"]
[Result "0-1"]
[WhiteTitle "GM"]
[BlackTitle "GM"]
[WhiteElo "2594"]
[BlackElo "2631"]
[WhiteFideId "3409350"]
[BlackFideId "24603295"]
[EventDate "2019.09.25"]
[EventType "blitz"]

1. e4 c6 2. Nf3 d5 3. d3 dxe4 4. dxe4 Qxd1+ 5. Kxd1 Nf6 6. Nfd2 h5 7. Nc3 h4 8.
Ke1 Nbd7 9. a4 Nc5 10. b4 Ne6 11. Nb3 g6 12. Bd2 Bg7 13. Rd1 Bd7 14. Be2 O-O-O
15. a5 Bh6 16. e5 Bxd2+ 17. Rxd2 Nh5 18. g3 hxg3 19. hxg3 Nhg7 20. Rxh8 Rxh8 21.
Bf3 Ng5 22. Bg2 Bh3 23. f4 Bxg2 24. Rxg2 N5e6 25. Ne4 Nf5 26. c3 Ne3 27. Re2
Rh1+ 28. Kf2 Nd5 29. Rd2 Rb1 30. Nd4 Nxd4 31. Rxd4 Rb2+ 32. Kf3 Rc2 33. Rd3 b6
34. axb6 axb6 35. b5 e6 36. bxc6 Kc7 37. Kg4 Kxc6 38. Kg5 Re2 39. Nd6 f6+ 40.
Kxg6 fxe5 41. fxe5 Rxe5 42. Nf7 Re4 43. Kh6 Kc5 44. Kh5 Rc4 45. g4 Rxc3 46.
Rxc3+ Nxc3 47. g5 Nd5 48. g6 b5 49. Ne5 b4 50. g7 Ne7 51. Kg5 b3 52. Kf6 Ng8+
53. Kf7 Nh6+ 54. Kg6 Ng8 55. Nd7+ Kd4 56. Kf7 b2 57. Kg6 b1=Q+ 58. Kf7 Qh7 59.
Nf8 Nh6+ 60. Kf6 Qg8 61. Nxe6+ Kd5 62. Ng5 Ng4+ 63. Kg6 Ne5+ 64. Kh6 Nf7+ 65.
Nxf7 Qxf7 66. Kh7 Ke6 0-1

[Event "Chess24 Banter Blitz Cup"]
[Site "chess24.com INT"]
[Date "2020.02.06"]
[Round "3.7"]
[White "Donchenko, Alexander"]
[Black "Henriquez Villagra, Cristobal"]
[Result "1/2-1/2"]
[WhiteTitle "GM"]
[BlackTitle "GM"]
[WhiteElo "2631"]
[BlackElo "2594"]
[WhiteFideId "24603295"]
[BlackFideId "3409350"]
[EventDate "2019.09.25"]
[EventType "blitz"]

1. Nf3 g6 2. g3 Bg7 3. Bg2 e5 4. O-O Ne7 5. c4 O-O 6. Nc3 Nbc6 7. Rb1 f5 8. d3
d6 9. Ne1 Nd4 10. e3 Ne6 11. f4 c6 12. Nf3 a5 13. Qd2 h6 14. b3 Bd7 15. Bb2 b5
16. Rbd1 Qb8 17. Ne2 Ra7 18. Kh1 b4 19. e4 c5 20. Nh4 Bc6 21. Ng1 Nd4 22. Bxd4
cxd4 23. exf5 Bxg2+ 24. Qxg2 gxf5 25. Ngf3 a4 26. fxe5 dxe5 27. g4 axb3 28. axb3
Qa8 29. gxf5 Nxf5 30. Nxf5 Rxf5 31. Nd2 Rxf1+ 32. Rxf1 Qxg2+ 33. Kxg2 Ra2 34.
Rf2 Rb2 35. c5 Bf8 36. c6 Ra2 37. Nc4 Ra6 38. Nxe5 Bd6 39. Nc4 Be7 40. Re2 Kf8
41. Re6 Ra7 42. Rxh6 Kg7 43. Re6 Kf7 44. Re4 Rc7 45. Rxd4 Ke6 46. Re4+ Kd5 47.
Re5+ Kd4 48. Re6 Bc5 49. Kf3 Kxd3 50. h4 Kc3 51. Na5 Bb6 52. Nc4 Bd4 53. h5 Kxb3
54. Na5+ Ka4 55. Nc4 Kb5 56. Nd2 Rxc6 57. Rxc6 Kxc6 58. Ke4 Bc3 59. Kd3 Kb5 60.
Nb3 Bh8 61. Kc2 Ka4 62. h6 Ka3 63. h7 Ka2 64. Nd4 Ka3 65. Nb3 Ka2 66. Nc1+ Ka3
67. Nb3 1/2-1/2